| 000 | 00583cam a22001691 4500 | ||
|---|---|---|---|
| 082 |
_a693.21 _bBRI _cL-14, P-59 |
||
| 100 | 1 |
_aBriggs, Howard L. _945553 |
|
| 245 | 1 | 0 |
_aPractical bricklaying, _ba handbook of instruction and manual for the journeyman, _cby Howard L. Briggs ... rev. and enl. by William Carver ... |
| 250 | _a1st ed. | ||
| 260 |
_aNew York, _bMcGraw-Hill, _c1924. |
||
| 300 |
_aix, 223 p. _bincl. _c20 cm. |
||
| 526 |
_a0 _b0 _c0 _d693_210000000000000_BRI |
||
| 650 | 0 |
_aBricklaying. _945554 |
|
| 650 | 0 |
_aMCE _9379 |
|
| 700 | 1 |
_aCarver, William, _945555 |
|
| 942 |
_2ddc _cBK |
||
| 999 |
_c549042 _d549042 |
||